| 000 | 00409nam a2200145 a 4500 | ||
|---|---|---|---|
| 001 | 3020 | ||
| 003 | CDMR | ||
| 005 | 20130327095147.0 | ||
| 008 | 130130s1988||||||||||||||||||||||||||||d | ||
| 040 |
_aCDMR _bcat _cCDMR |
||
| 100 | 1 |
_aCorbella, Joan Maria _9364 |
|
| 245 | 1 | 0 |
_aPanorama general als anys 80 _b: la comunicació social a Catalunya |
| 260 |
_aBarcelona _c1988 _bGeneralitat de Catalunya |
||
| 942 |
_cMON _2udc |
||
| 999 |
_c3020 _d3020 |
||